| 000 | 00725nam a2200229 a 4500 | ||
|---|---|---|---|
| 005 | 20231014063811.0 | ||
| 008 | 061128s2003 mx r 000 0 spa d | ||
| 020 | _a8484293157 | ||
| 035 | _aUPN01000148320 | ||
| 049 | _aCG | ||
| 050 | 4 |
_aHM851 _bD7.3 |
|
| 100 | 1 | _aDreyfus, Hubert L. | |
| 245 | 1 | 0 |
_aAcerca de internet / _cHubert L. Dreyfus ; tr. Cristian P. Hormazábal Sáez. |
| 260 |
_aBarcelona, Esp. : _bUOC, _c2003. |
||
| 300 | _a117 p. | ||
| 440 | 0 | _aNuevas tecnologías y sociedad | |
| 534 |
_pTítulo original: _tOn the internet |
||
| 650 | 4 |
_aTecnología de la información _xAspectos sociales _96036 |
|
| 650 | 4 |
_aInternet _xAspectos sociales _96033 |
|
| 650 | 2 |
_aAislamiento social _91971 |
|
| 905 | _aLibro | ||
| 999 |
_c120462 _d120462 |
||